It looks like you're offline.
Open Library logo
additional options menu

MARC record from Internet Archive

LEADER: 00920cam 2200277Ia 4500
001 ocm07162444
003 OCoLC
005 20100107091800.0
008 810227r19811960nyuab 001 0 eng d
040 $aZTM$cZTM$dBTCTA$dOCLCQ$dOCLCG
020 $a0553135821 (pbk.) :$c$2.50
020 $a9780553135824 (pbk.)
035 $a(OCoLC)7162444
043 $ae-gx---$an-us---
050 4 $aD757.9.S35$bC3 1981
092 $a940.5442
100 1 $aCaidin, Martin,$d1927-1997.
245 10 $aBlack Thursday /$cMartin Caidin ; [drawings by Fred L. Wolff ; map by Ben Klaessig].
260 $aNew York :$bBantam Books,$c1981, c1960.
300 $axviii, 249 p. :$bill., map ;$c18 cm.
490 0 $aA Bantam war book
500 $aIncludes index.
651 0 $aSchweinfurt (Germany)$xHistory$yBombardment, 1943.
938 $aBaker and Taylor$bBTCP$nbl 99972023
994 $aZ0$bPMR
948 $hNO HOLDINGS IN PMR - 54 OTHER HOLDINGS